[Event "FRA-ch Blitz Online Qual"]
[Site "Europe Echecs INT"]
[Date "2020.05.16"]
[Round "5"]
[White "Nomel, Mathis"]
[Black "Gauthier, Laurent"]
[Result "0-1"]
[WhiteElo "1262"]
[BlackElo "1704"]
[PlyCount "38"]
[EventDate "2020.05.16"]
[EventType "swiss (blitz)"]
[EventRounds "15"]
[EventCountry "FRA"]
[SourceTitle "CBM 196 Extra"]
[Source "ChessBase"]
[SourceDate "2020.07.31"]
[SourceVersion "1"]
[SourceVersionDate "2020.07.31"]
[SourceQuality "1"]

1. d4 Nf6 2. c4 c5 3. d5 b5 4. Nf3 bxc4 5. Nc3 d6 6. e4 g6 7. e5 dxe5 8. Nxe5 Bg7 9. Bxc4 0-0 10. 0-0 Bb7 11. Qb3 Qc7 12. d6 exd6 13. Nb5 Qe7 14. Nxd6 Qxd6 15. Qxb7 Qxe5 16. Qxa8 Nbd7 17. Qxa7 Qd4 18. Qa4 Ne5 19. Be2 Qxa4 0-1